000 00320nam a22001337a 4500
008 170505b xxu||||| |||| 00| 0 eng d
020 _a1571050639
041 _aeng
080 _24 ED
_a34
100 _a14
101 _aSHJ
245 _aGUIDE TO INTERNATIONAL HUMAN RIGHT PRACTICE
_cHANNUM.H
942 _2udc
_cBK
999 _c12779
_d12779